| 000 | 01229nmm a2200337 a 4500 | ||
|---|---|---|---|
| 001 | ocm0002015739 | ||
| 003 | TR-IsHL | ||
| 005 | 20201028180605.0 | ||
| 008 | 181217s2018 tu tur | ||
| 007 | cr cn | ||
| 020 | _a9786052811252 | ||
| 035 |
_a2015739 _b(N$T) |
||
| 050 | 0 | 4 |
_aHV1559.T9 _bT56 2018 |
| 090 | 0 | 4 |
_aHV1559.T9 _bT56 2018 |
| 100 | 1 | _aTınar, Yaşar | |
| 245 | 1 | 0 |
_aEngellilere yönelik kamu hizmetlerinin yönetimi ve sunumu: karşılaştırmalı bir değerlendirme _h[electronic resource] / _cYaşar Tınar |
| 250 | _a1. Baskı | ||
| 260 |
_aİstanbul : _bHiperlink Yayınları, _c2018 |
||
| 300 | _a256 p. | ||
| 500 | _aKaynakça var. | ||
| 650 | 4 | _aGenel Çalışmalar | |
| 650 | 4 | _aGeneral Works | |
| 650 | 0 |
_aEngelli insanlar _x Türkiye |
|
| 650 | 0 |
_aPeople with disabilities _x Turkey |
|
| 650 | 0 |
_aEngelli insanlar _x Hizmetler |
|
| 650 | 0 |
_aPeople with disabilities _x Services for _x Turkey |
|
| 650 | 0 |
_aEngelli insanlar _x Sosyal şartlar |
|
| 650 | 0 |
_aPeople with disabilities _x Social conditions |
|
| 650 | 7 |
_aSOCIAL SCIENCE / People with Disabilities _2bisacsh |
|
| 856 | 4 | 0 | _uhttp://search.ebscohost.com/login.aspx?direct=true&scope=site&db=e011xww&AN=2015739 |
| 999 |
_c19213 _d19213 |
||